00298 a2200109 4500001000700000020000600007040001100013100000600024240007700030245007200107362000900179170818 a  cMagnum a-10aDesfile scania 1891-1991 - material rodante/carros/onibus/caminhoeslpor10aDesfile scania 1891-1991 - material rodante/carros/onibus/caminhoes0 a1899